Development assistance efforts and policies of the members of the Development Assistance Committee

Wedi'i Gadw mewn:
Manylion Llyfryddiaeth
Awdur Corfforaethol: Organisation for Economic Co-operation and Development
Fformat: Llyfr
Iaith:Undetermined
Cyhoeddwyd: Paris Organisation for Economic Co-operation and Development 1967
Pynciau:
Tagiau: Ychwanegu Tag
Dim Tagiau, Byddwch y cyntaf i dagio'r cofnod hwn!
Thư viện lưu trữ: Trung tâm Học liệu Trường Đại học Cần Thơ
LEADER 00705nam a2200193Ia 4500
001 CTU_98778
008 210402s9999 xx 000 0 und d
082 |a 338.9 
082 |b O.68 
110 |a Organisation for Economic Co-operation and Development 
245 0 |a Development assistance efforts and policies of the members of the Development Assistance Committee 
245 0 |c Organisation for Economic Co-operation and Development 
260 |a Paris 
260 |b Organisation for Economic Co-operation and Development 
260 |c 1967 
650 |a Economic assistance 
650 |x Developing countries,Periodicals 
904 |i Giang 
980 |a Trung tâm Học liệu Trường Đại học Cần Thơ